00900nam a2200217 a 4500008004100000020001800041050001800059100001900077245014200096250001600238260004500254300003400299350001100333650002500344700002300369700002100392700002000413995009800433999001700531952013400548211130s2007 ||||||||||||||||| || u a9780470080146 aHG 4429.5 Mag aMaginn, John L10aManaging investment portfolios: a dynamic process (3rd edition)cBy John L. Maginn; Donald L. Tuttle; Jerald E. Pinto; Dennis W. McLeavey a3rd edition aNew JerseybJohn Wiley & Sons, Incc2007 axxv, 932 pages: illustrations a173.33 aPORTFOLIO MANAGEMENT aMcLeavey, Dennis W aTuttle, Donald L aPinto, Jerald E FCBU-MAIN LIBRARY (Kitwe)I173.33UAVAILABLEWDec 8, 2021ZMain Library Open Access Collection c50175d50175 00102lcc4070a001b001cMain Library Open Access Collectiond2022-11-30l0oHG 4429.5 Magp751472r2022-11-30w2022-11-30y002